Design of concrete structures / (Record no. 528443)

000 -LEADER
fixed length control field 01261cam a2200337 a 4500
001 - CONTROL NUMBER
control field 1636143
003 - CONTROL NUMBER IDENTIFIER
control field NUST
005 - DATE AND TIME OF LATEST TRANSACTION
control field 20190912110142.0
008 - FIXED-LENGTH DATA ELEMENTS--GENERAL INFORMATION
fixed length control field 960930s1997 nyua b 001 0 eng
010 ## - LIBRARY OF CONGRESS CONTROL NUMBER
LC control number 96036814
020 ## - INTERNATIONAL STANDARD BOOK NUMBER
International Standard Book Number 007046586X (cloth)
020 ## - INTERNATIONAL STANDARD BOOK NUMBER
International Standard Book Number 0070465878 (pbk.)
038 ## - RECORD CONTENT LICENSOR
Staff Name MSOHAIL
040 ## - CATALOGING SOURCE
Original cataloging agency DLC
Transcribing agency DLC
Modifying agency DLC
050 04 - LIBRARY OF CONGRESS CALL NUMBER
Classification number TA683.2
Item number .N55 1997
082 00 - DEWEY DECIMAL CLASSIFICATION NUMBER
Classification number 624.18341
Edition number 21
Author Mark NIL
100 1# - MAIN ENTRY--PERSONAL NAME
Personal name Nilson, Arthur H.
9 (RLIN) 20244
245 10 - TITLE STATEMENT
Title Design of concrete structures /
Statement of responsibility, etc. Arthur H. Nilson ; with contributions by David Darwin.
250 ## - EDITION STATEMENT
Edition statement 12th ed.
260 ## - PUBLICATION, DISTRIBUTION, ETC.
Place of publication, distribution, etc. New York :
Name of publisher, distributor, etc. McGraw-Hill,
Date of publication, distribution, etc. c1997.
300 ## - PHYSICAL DESCRIPTION
Extent xvii, 780 p. :
Other physical details ill. ;
Dimensions 24 cm.
504 ## - BIBLIOGRAPHY, ETC. NOTE
Bibliography, etc. note Includes bibliographical references and index.
650 #0 - SUBJECT ADDED ENTRY--TOPICAL TERM
Topical term or geographic name entry element Reinforced concrete construction.
9 (RLIN) 653
650 #0 - SUBJECT ADDED ENTRY--TOPICAL TERM
Topical term or geographic name entry element Prestressed concrete construction.
9 (RLIN) 20245
700 1# - ADDED ENTRY--PERSONAL NAME
Personal name Darwin, David.
9 (RLIN) 20246
856 42 - ELECTRONIC LOCATION AND ACCESS
Materials specified Publisher description
Uniform Resource Identifier <a href="http://www.loc.gov/catdir/description/mh022/96036814.html">http://www.loc.gov/catdir/description/mh022/96036814.html</a>
856 41 - ELECTRONIC LOCATION AND ACCESS
Materials specified Table of contents
Uniform Resource Identifier <a href="http://www.loc.gov/catdir/toc/mh022/96036814.html">http://www.loc.gov/catdir/toc/mh022/96036814.html</a>
906 ## - LOCAL DATA ELEMENT F, LDF (RLIN)
a 7
b cbc
c orignew
d 1
e ocip
f 19
g y-gencatlg
942 ## - ADDED ENTRY ELEMENTS (KOHA)
Source of classification or shelving scheme
Koha item type Book
Holdings
Withdrawn status Lost status Source of classification or shelving scheme Damaged status Not for loan Permanent Location Current Location Date acquired Total Checkouts Full call number Barcode Date last seen Price effective from Koha item type
          School of Civil and Environmental Engineering (SCEE) School of Civil and Environmental Engineering (SCEE) 09/12/2019   624.18341 NIL NIT-10484 09/12/2019 09/12/2019 Book
© 2023 Central Library, National University of Sciences and Technology. All Rights Reserved.